| 000 | 00794nam a22002177a 4500 | ||
|---|---|---|---|
| 999 |
_c7375 _d7375 |
||
| 003 | AR-CdUCM | ||
| 008 | 190320b ||||| |||| 00| 0 spa d | ||
| 040 |
_aMUNICIPALIDAD PROVINCIAL DEL CUSCO _cBIBLIOTECA MUNICIPAL DEL CUSCO |
||
| 082 | _a573 /C73 | ||
| 100 |
_aComas, Juan _920782 |
||
| 245 |
_aBiología humana y/o antropología física : _b(resultados de una encuesta) / |
||
| 260 |
_aMéxico : _bInstituto de Investigaciones Históricas, _c1971. |
||
| 300 |
_a125 paginas ; _c22 cm. |
||
| 505 | _aContenido :La encuesta -- Resultados de la encuesta -- Discusión y conclusiones ... | ||
| 650 |
_aAntropología física _920783 |
||
| 650 |
_aBiología humana _920784 |
||
| 700 |
_aCastillo, Hella de _920785 |
||
| 700 |
_aMéndez, Betty _920786 |
||
| 942 |
_2ddc _cLIBROS |
||
| 945 | _arum | ||